00462nam a22001577a 450000500170000001000150001702000310003203500140006303700090007708200140008610000160010024500770011626000290019327000550022230000270027720220106171910.0 aENG-130999 a978-93-90232-45-1c1050.00 aEN-114531 bDBAD a333.31954 aRobb, Peter aIdeas Matter:cPeter RobbbDebating the Impact of British Rule on India/ aDelhibPrimus Bookc2020 bDelhie110009aMukherjee Nagar, Commercial Complex axiii, 295p.c23cm(hbk)